00668nam a2200193 a 4500001000800000005001700008008004100025020001500066050002200081082001500103100001900118245009900137250002100236260005600257300002900313500006700342650003500409700003000444305627820250531145856.0961028s1996 tnua b 000 0 eng  a088177158900aBV4520b.F68 199600a248/.52211 aFox, H. Eddie.10aFaith-sharing :bdynamic Christian witnessing by invitation /cH. Eddie Fox, George E. Morris. aRev. & expanded. aNashville, Tenn. :bDiscipleship Resources,cc1996. a131 p. :bill. ;c22 cm. a"Prepared under the direction of the World Methodist Council." 0aWitness bearing (Christianity)1 aMorris, George E.,d1935-